| 000 | 01605nam a2200241 a 4500 | ||
|---|---|---|---|
| 008 | 201117s2014 ||||||||||||||||| || u | ||
| 020 | _a9781408502754 | ||
| 050 | _aTS 1445 Dav | ||
| 100 | _aHardy, Liz | ||
| 245 | 1 | 0 |
_aGCSE AQA design and technology: Textiles technology _cBy Denise Davies; Amanda Dick; Liz Hardy |
| 260 |
_aOxford _bOxford University Press _c2014 |
||
| 300 | _a176 pages: illustations | ||
| 350 | _a41.98 | ||
| 650 | _aTEXTILE FABRICS | ||
| 700 | _aDavies, Denise | ||
| 700 | _aDick, Amanda | ||
| 995 |
_aKAPASA MAKASA LIBRARY OPEN ACCESS _e750684 _FCBU-KAPASA MAKASA LIBRARY (Chinsali) _I41.98 _jTS 1445 Dav _M6 _UAVAILABLE _WJan 20, 2021 _y750684 _ZKapasa Makasa Library Open Acess Collection |
||
| 995 |
_aMAIN LIBRARY OPEN ACCESS _e750563 _FCBU-MAIN LIBRARY (Kitwe) _I41.98 _jTS 1445 Dav _M4 _UAVAILABLE _WDec 10, 2020 _y750563 _ZMain Library Open Access Collection |
||
| 995 |
_aKAPASA MAKASA LIBRARY OPEN ACCESS _D41.98 _e750683 _FCBU-KAPASA MAKASA LIBRARY (Chinsali) _I41.98 _jTS 1445 Dav _M5 _UAVAILABLE _WJan 20, 2021 _y750683 _ZKapasa Makasa Library Open Acess Collection |
||
| 995 |
_aMEDICAL LIBRARY OPEN ACCESS _e905186 _FCBU-SCHOOL OF MEDICINE LIBRARY (Ndola) _I41.98 _jTS 1445 Dav _M1 _UAVAILABLE _WNov 23, 2020 _y905186 _ZMedical Library Open Access Collection |
||
| 995 |
_aMAIN LIBRARY OPEN ACCESS _e750562 _FCBU-MAIN LIBRARY (Kitwe) _I41.98 _jTS 1445 Dav _M3 _UAVAILABLE _WDec 10, 2020 _y750562 _ZMain Library Open Access Collection |
||
| 995 |
_aMAIN LIBRARY OPEN ACCESS _e750561 _FCBU-MAIN LIBRARY (Kitwe) _I41.98 _jTS 1445 Dav _M2 _UAVAILABLE _WDec 10, 2020 _y750561 _ZMain Library Open Access Collection |
||
| 999 |
_c63895 _d63895 |
||